Public Opinion of the Economy and the President among Mexico City Residents: The Salinas Sexenio /

Guardat en:
Dades bibliogràfiques
Autor principal: Villarreal, Andrés
Format: Text
Matèries:
Etiquetes: Afegir etiqueta
Sense etiquetes, Sigues el primer a etiquetar aquest registre!

MARC

LEADER 00000 a a2200000 04500
001 43212
003
040
100 |a Villarreal, Andrés  
245 |a Public Opinion of the Economy and the President among Mexico City Residents:   |b The Salinas Sexenio /  |c Andrés Villarreal  
650 |a ANALISIS ECONOMICO  
650 |a ESTUDIOS ECONOMICOS  
650 |a ECONOMIA  
650 |a OPINION PUBLICA  
650 |a MEXICO  
773 |g volumen34, número2 ( , 1999), páginas132-151  
999 |c 33496  |d 33496